[Event "Agneaux St Lo U16 op 20th"]
[Site "Agneaux"]
[Date "2018.07.07"]
[Round "2.3"]
[White "Ribera Veganzones, Josep Maria"]
[Black "Robert, Maxime"]
[Result "1-0"]
[WhiteElo "1822"]
[BlackElo "1591"]
[PlyCount "45"]
[EventDate "2018.07.07"]
[EventType "swiss"]
[EventRounds "9"]
[EventCountry "FRA"]
[SourceTitle "EXT 2019"]
[Source "ChessBase"]
[SourceDate "2018.10.10"]
[SourceVersion "1"]
[SourceVersionDate "2018.10.10"]
[SourceQuality "1"]

1. e4 e6 2. d4 d5 3. Nd2 Nf6 4. e5 Nfd7 5. Bd3 c5 6. c3 Nc6 7. Ne2 Qb6 8. Nf3 cxd4 9. cxd4 Bb4+ 10. Bd2 0-0 11. a3 Bxd2+ 12. Qxd2 Na5 13. Qc2 h6 14. b4 Nc6 15. 0-0 Rd8 16. Rac1 Nf8 17. Qd2 Bd7 18. Nc3 Kh8 19. Na4 Qc7 20. b5 Qa5 21. bxc6 Qxa4 22. cxd7 Nxd7 23. Qb4 1-0